Tabu mane rekho. (Record no. 65700)

MARC details
000 -LEADER
fixed length control field 00492cam a22002051 4500
001 - CONTROL NUMBER
control field sa 65008427
003 - CONTROL NUMBER IDENTIFIER
control field DLC
005 - DATE AND TIME OF LATEST TRANSACTION
control field 20260227112155.0
008 - FIXED-LENGTH DATA ELEMENTS--GENERAL INFORMATION
fixed length control field 840822q19501959xx 000 0 beno
010 ## - LIBRARY OF CONGRESS CONTROL NUMBER
LC control number sa 65008427
035 ## - SYSTEM CONTROL NUMBER
System control number (OCoLC)16763540
040 ## - CATALOGING SOURCE
Original cataloging agency DLC
Transcribing agency OrPS
Modifying agency DLC
042 ## - AUTHENTICATION CODE
Authentication code premarc
050 00 - LIBRARY OF CONGRESS CALL NUMBER
Classification number PK1718.M7918
Item number T26
100 1# - MAIN ENTRY--PERSONAL NAME
Personal name Mukherji, Saurindramohan,
Dates associated with a name 1884-
245 10 - TITLE STATEMENT
Title Tabu mane rekho.
260 ## - PUBLICATION, DISTRIBUTION, ETC.
Date of publication, distribution, etc. [195-]
300 ## - PHYSICAL DESCRIPTION
Extent 249 p.
Dimensions 22 cm.
500 ## - GENERAL NOTE
General note Romanized.

No items available.

Powered by Koha